000 00301nam a22001337a 4500
999 _c535199
_d535199
020 _a978-9350146118
040 _cMSOHAIL
082 _a624.2
_bRUC
100 _a Xiao Rucheng
_929641
245 _aBridge Structural Systems
260 _a s k kataria
_cc2016
300 _a608;p
942 _2ddc
_cBK